| 000 | 00496nam a22001817a 4500 | ||
|---|---|---|---|
| 003 | CEME | ||
| 005 | 20210628203221.0 | ||
| 008 | 210203b xxu||||| |||| 00| 0 eng d | ||
| 020 | _a9780170134835 | ||
| 040 | _c. | ||
| 082 | _a658.4 DAF | ||
| 100 |
_aDaft, Richard L , Merlo, Andrew Pirola _964053 |
||
| 245 | _aThe leadership experience | ||
| 260 |
_aINDIA _bCENGAGE LEARNING _c2009 |
||
| 300 | _aXXIII, 553P | ||
| 650 |
_aLEADERSHIP EXPERIENCE. , THE LEADERSHIP. _964054 |
||
| 942 |
_cBK _2ddc |
||
| 999 |
_c572694 _d572694 |
||